[Event "Wch Blitz"]
[Site "Moscow"]
[Date "2019.12.30"]
[Round "17"]
[White "Zarubitski, Viachaslau"]
[Black "Belousov, Danila"]
[Result "0-1"]
[WhiteElo "2451"]
[BlackElo "2274"]
[PlyCount "92"]
[EventDate "2019.12.29"]
[EventType "swiss (blitz)"]
[EventRounds "21"]
[EventCountry "RUS"]
[SourceTitle "CBM 193 Extra"]
[Source "ChessBase"]
[SourceDate "2020.01.31"]
[SourceVersion "1"]
[SourceVersionDate "2020.01.31"]
[SourceQuality "1"]

1. a3 e5 2. c4 g6 3. Nc3 Bg7 4. g3 h5 5. h4 d6 6. Bg2 Nc6 7. d3 Be6 8. Bd2 Qd7 9. b4 Nh6 10. b5 Nd8 11. Nf3 0-0 12. a4 Bg4 13. Qc1 Nf5 14. Nh2 Nd4 15. Nxg4 Qxg4 16. Qd1 Qd7 17. e3 N4e6 18. Qc2 Nc5 19. 0-0 Nde6 20. Rab1 Kh7 21. Ne2 f5 22. f4 Rae8 23. Bc3 exf4 24. Bxg7 Qxg7 25. d4 Ne4 26. Bxe4 fxe4 27. Nxf4 Nxf4 28. Rxf4 Rxf4 29. gxf4 Qf6 30. Qf2 b6 31. Kh2 a6 32. bxa6 Ra8 33. Rb5 Rxa6 34. f5 Kg7 35. Kh3 Rxa4 36. Qg3 Ra5 37. Rxa5 bxa5 38. fxg6 Qf3 39. Qxf3 exf3 40. e4 a4 41. e5 dxe5 42. d5 a3 43. c5 f2 44. Kg2 a2 45. d6 f1Q+ 46. Kxf1 a1Q+ 0-1

[Event "Wch Blitz"]
[Site "Moscow"]
[Date "2019.12.29"]
[Round "9"]
[White "Luukkonen, Tommi"]
[Black "Belousov, Danila"]
[Result "1-0"]
[WhiteElo "2290"]
[BlackElo "2274"]
[PlyCount "59"]
[EventDate "2019.12.29"]
[EventType "swiss (blitz)"]
[EventRounds "21"]
[EventCountry "RUS"]
[SourceTitle "CBM 193 Extra"]
[Source "ChessBase"]
[SourceDate "2020.01.31"]
[SourceVersion "1"]
[SourceVersionDate "2020.01.31"]
[SourceQuality "1"]

1. e4 d5 2. exd5 Qxd5 3. Nc3 Qd6 4. d4 Nf6 5. Nf3 Bg4 6. h3 Bh5 7. g4 Bg6 8. Ne5 Nbd7 9. Nxg6 hxg6 10. Bg2 c6 11. Qe2 e6 12. Be3 Qc7 13. a4 a5 14. 0-0 Bd6 15. f4 0-0 16. g5 Nh5 17. Ne4 Bxf4 18. Bf2 Rad8 19. Ra3 Nb6 20. Bf3 Ng3 21. Bxg3 Bxg3 22. Bg4 Bh4 23. Raf3 Rxd4 24. Bxe6 Kh7 25. Rxf7 Rxf7 26. Rxf7 Qd8 27. Qg4 Be1 28. Kf1 Bb4 29. Qh4+ Kg8 30. Rxg7+ 1-0

[Event "St Petersburg Summer rapid"]
[Site "St Petersburg"]
[Date "2014.08.31"]
[Round "6"]
[White "Belousov, Danila"]
[Black "Timofeev, Artyom"]
[Result "1-0"]
[WhiteElo "2314"]
[BlackElo "2601"]
[PlyCount "113"]
[EventDate "2014.08.30"]
[EventType "swiss (rapid)"]
[EventRounds "11"]
[EventCountry "RUS"]
[SourceTitle "CBM 162 Extra"]
[Source "ChessBase"]
[SourceDate "2014.10.17"]
[SourceVersion "1"]
[SourceVersionDate "2014.10.17"]
[SourceQuality "1"]

1. e4 e6 2. d4 d5 3. Nc3 Nc6 4. Bb5 dxe4 5. Nge2 f5 6. Nf4 Nf6 7. f3 Bb4 8. fxe4 0-0 9. Bxc6 bxc6 10. 0-0 c5 11. e5 cxd4 12. exf6 Qxf6 13. Nce2 Ba6 14. Rf3 Rad8 15. Rg3 Qf7 16. Nd3 Bd6 17. Bf4 Bxd3 18. cxd3 Bxf4 19. Nxf4 e5 20. Nh3 h6 21. Rc1 Rfe8 22. Rc6 Rd6 23. Qc1 Rxc6 24. Qxc6 Kh7 25. Rf3 Re6 26. Qd5 c6 27. Qd8 Rf6 28. b3 Qd5 29. Qe8 Qc5 30. Rf1 Rf8 31. Qh5 Kg8 32. g4 Qc2 33. gxf5 Qxd3 34. Nf2 Qd2 35. Qg4 c5 36. Ne4 Qe3+ 37. Kg2 h5 38. Qf3 Qxf3+ 39. Rxf3 Rc8 40. Rg3 Kf8 41. Rh3 c4 42. Rxh5 Ke7 43. bxc4 Rxc4 44. Rh7 Kf8 45. Rh8+ Ke7 46. Rh7 Kf8 47. Rh8+ Ke7 48. Kf3 Rc1 49. Ra8 Rf1+ 50. Ke2 Rxf5 51. Rxa7+ Kf8 52. a4 Rf4 53. Nc5 Rh4 54. a5 Rxh2+ 55. Kd3 Rh3+ 56. Kc4 Rc3+ 57. Kb4 1-0

[Event "Kaluga Tsiolkovsky Memorial op"]
[Site "Kaluga"]
[Date "2013.08.09"]
[Round "7"]
[White "Belousov, Danila"]
[Black "Semin, Daniil"]
[Result "1/2-1/2"]
[WhiteElo "2336"]
[BlackElo "1890"]
[PlyCount "80"]
[EventDate "2013.08.03"]
[EventType "swiss"]
[EventRounds "9"]
[EventCountry "RUS"]
[SourceTitle "CBM 156 Extra"]
[Source "ChessBase"]
[SourceDate "2013.10.22"]
[SourceVersion "1"]
[SourceVersionDate "2013.10.22"]
[SourceQuality "1"]

1. e4 e5 2. Nf3 Nc6 3. Bb5 Nge7 4. Nc3 Ng6 5. 0-0 Bc5 6. d3 0-0 7. Bg5 f6 8. Be3 Bxe3 9. fxe3 d6 10. Qe1 Be6 11. Qg3 a6 12. Ba4 b5 13. Bb3 Bxb3 14. axb3 Nb4 15. Rf2 d5 16. h4 d4 17. exd4 exd4 18. h5 Ne5 19. Nxe5 fxe5 20. h6 Qe7 21. Rxf8+ Rxf8 22. Nd5 Nxd5 23. exd5 Rf6 24. Qh3 Rxh6 25. Qc8+ Kf7 26. b4 Qd6 27. Qf5+ Rf6 28. Qxh7 Qxd5 29. Re1 Rf4 30. Qh5+ Kf6 31. Qe8 Qd6 32. Ra1 Kg5 33. Re1 Rf5 34. Re4 Qf6 35. Kh2 Kh6 36. Qh8+ Kg6 37. Rg4+ Rg5 38. Qe8+ Kf5 39. Qc8+ Kg6 40. Qe8+ Kf5 1/2-1/2

[Event "Chigorin Memorial 20th"]
[Site "St Petersburg"]
[Date "2012.11.04"]
[Round "9"]
[White "Belousov, Danila"]
[Black "Antipov, Mikhail Al"]
[Result "0-1"]
[WhiteElo "2340"]
[BlackElo "2457"]
[PlyCount "82"]
[EventDate "2012.10.27"]
[EventType "swiss"]
[EventRounds "9"]
[EventCountry "RUS"]
[SourceTitle "EXT 2013"]
[Source "ChessBase"]
[SourceDate "2012.11.22"]
[SourceVersion "1"]
[SourceVersionDate "2012.11.22"]
[SourceQuality "1"]

1. e4 c5 2. Nf3 d6 3. d4 cxd4 4. Nxd4 Nf6 5. Nc3 a6 6. Rg1 e5 7. Nb3 Be6 8. g4 d5 9. exd5 Nxd5 10. Nxd5 Qxd5 11. Be3 Nc6 12. Qxd5 Bxd5 13. 0-0-0 0-0-0 14. g5 Kc7 15. Bh3 g6 16. f4 h6 17. fxe5 hxg5 18. Bxg5 Bh6 19. Bxh6 Rxh6 20. Bg2 Bxg2 21. Rxd8 Kxd8 22. Rxg2 Nxe5 23. Nc5 Kc7 24. Nd3 Nxd3+ 25. cxd3 Kd6 26. Kd2 f5 27. Ke3 Ke5 28. d4+ Kf6 29. d5 Ke5 30. d6 Kxd6 31. Kf4 Ke6 32. Kg5 Rh8 33. Rc2 Rf8 34. Re2+ Kd5 35. Kxg6 f4 36. Kg7 Rf5 37. Kg6 f3 38. Rf2 Ke4 39. h4 Rf8 40. Kg7 Rc8 41. h5 Ke3 0-1

[Event "Chigorin Memorial 20th"]
[Site "St Petersburg"]
[Date "2012.10.30"]
[Round "4"]
[White "Matlakov, Maxim"]
[Black "Belousov, Danila"]
[Result "1-0"]
[WhiteElo "2665"]
[BlackElo "2340"]
[PlyCount "81"]
[EventDate "2012.10.27"]
[EventType "swiss"]
[EventRounds "9"]
[EventCountry "RUS"]
[SourceTitle "EXT 2013"]
[Source "ChessBase"]
[SourceDate "2012.11.22"]
[SourceVersion "1"]
[SourceVersionDate "2012.11.22"]
[SourceQuality "1"]

1. c4 Nf6 2. d4 g6 3. Nc3 d5 4. cxd5 Nxd5 5. e4 Nxc3 6. bxc3 Bg7 7. Qa4+ Nd7 8. Nf3 0-0 9. Bg5 c5 10. Rc1 a6 11. Qa3 Rb8 12. Be2 b5 13. dxc5 Ne5 14. 0-0 Qc7 15. Nd2 Rd8 16. Be3 Nd3 17. Rcd1 Bb7 18. Nb3 Bxe4 19. Qxa6 Bxc3 20. c6 Nb4 21. Qa7 Qxc6 22. Rxd8+ Rxd8 23. Qxe7 Re8 24. Qg5 Re5 25. Qg3 Nxa2 26. Nd4 Qe8 27. Nxb5 Rxb5 28. Bxb5 Qxb5 29. Rd1 Qe2 30. Rd8+ Kg7 31. h3 Bf6 32. Re8 Nc3 33. Qd6 Qe1+ 34. Kh2 g5 35. Bd4 Nd5 36. Qxd5 Bxd5 37. Bxf6+ Kxf6 38. Rxe1 h5 39. h4 Be6 40. Kg3 Kg6 41. Re5 1-0

[Event "Chigorin Memorial 20th"]
[Site "St Petersburg"]
[Date "2012.10.27"]
[Round "1"]
[White "Belousov, Danila"]
[Black "Shagdurov, Denis"]
[Result "1-0"]
[WhiteElo "2340"]
[BlackElo "1890"]
[PlyCount "47"]
[EventDate "2012.10.27"]
[EventType "swiss"]
[EventRounds "9"]
[EventCountry "RUS"]
[SourceTitle "EXT 2013"]
[Source "ChessBase"]
[SourceDate "2012.11.22"]
[SourceVersion "1"]
[SourceVersionDate "2012.11.22"]
[SourceQuality "1"]

1. e4 c6 2. d4 d5 3. e5 c5 4. c4 Nc6 5. Nf3 e6 6. Nc3 cxd4 7. Nxd4 Qc7 8. cxd5 Qxe5+ 9. Be3 exd5 10. Bb5 Bd7 11. 0-0 Nf6 12. Re1 Be7 13. Qd2 Qd6 14. Bf4 Qc5 15. Bxc6 bxc6 16. Na4 Qc4 17. b3 Qa6 18. Nc5 Qb6 19. Bd6 Be6 20. Bxe7 Kxe7 21. Rac1 Rac8 22. Qg5 Rhg8 23. Nf5+ Kf8 24. Rxe6 1-0

[Event "Kaluga Tsiolkovsky Memorial op"]
[Site "Kaluga"]
[Date "2012.08.05"]
[Round "6"]
[White "Nozdrachev, Vladislav"]
[Black "Belousov, Danila"]
[Result "1-0"]
[WhiteElo "2460"]
[BlackElo "2335"]
[PlyCount "65"]
[EventDate "2012.07.30"]
[EventType "swiss"]
[EventRounds "9"]
[EventCountry "RUS"]
[SourceTitle "EXT 2014"]
[Source "ChessBase"]
[SourceDate "2013.11.20"]
[SourceVersion "1"]
[SourceVersionDate "2013.11.20"]
[SourceQuality "1"]

1. e4 c5 2. Nf3 d6 3. d4 cxd4 4. Nxd4 Nf6 5. Nc3 a6 6. h3 e5 7. Nde2 h5 8. Bg5 Be7 9. Ng3 Be6 10. Bxf6 gxf6 11. Nxh5 Rg8 12. Nd5 Nd7 13. c3 Nc5 14. Ng3 b5 15. Be2 Rxg3 16. fxg3 Nxe4 17. 0-0 Nxg3 18. Re1 f5 19. a4 b4 20. cxb4 Bg5 21. Bc4 Rc8 22. Ra3 Ne4 23. Qd3 Bxd5 24. Qxd5 Qb6+ 25. Kh1 Bf4 26. Rxe4 fxe4 27. Qxf7+ Kd8 28. Rc3 Qf2 29. Qf8+ Kd7 30. Bb5+ axb5 31. Qxc8+ Ke7 32. Rc7+ Kf6 33. Qf8+ 1-0

[Event "Chigorin Memorial 17th"]
[Site "St Petersburg"]
[Date "2009.10.17"]
[Round "2"]
[White "Belousov, Danila"]
[Black "Wen, Yang"]
[Result "1/2-1/2"]
[WhiteElo "2351"]
[BlackElo "2538"]
[PlyCount "104"]
[EventDate "2009.10.16"]
[EventType "swiss"]
[EventRounds "9"]
[EventCountry "RUS"]
[SourceTitle "CBM 132 Extra"]
[Source "ChessBase"]
[SourceDate "2009.11.03"]
[SourceVersion "1"]
[SourceVersionDate "2009.11.03"]
[SourceQuality "1"]

1. e4 c5 2. Nf3 Nc6 3. d4 cxd4 4. Nxd4 Qc7 5. Nc3 e6 6. Be3 a6 7. Qd2 Nf6 8. 0-0-0 Bb4 9. f3 Ne7 10. Nde2 b5 11. Kb1 Ba5 12. Qd6 Qxd6 13. Rxd6 Bc7 14. Rd2 Bb7 15. a4 b4 16. Na2 d5 17. exd5 Nexd5 18. Bc5 0-0-0 19. Nxb4 Ba5 20. Nxd5 Bxd2 21. Nxf6 gxf6 22. Be7 Rd7 23. Bxf6 Rg8 24. b3 Be3 25. Kb2 Rg6 26. Be5 h5 27. Bf4 Bb6 28. Be5 h4 29. Nf4 Rg5 30. Bc3 Rd1 31. h3 e5 32. Nd3 Bd4 33. Bxd4 exd4 34. Nf2 Rd2 35. Ng4 d3 36. Bxd3 Rxg2 37. Re1 Rg3 38. Re8+ Kc7 39. Re7+ Kb8 40. f4 Rc5 41. Rxf7 Rxh3 42. Ne5 Rc7 43. Rf6 Re3 44. Rh6 h3 45. b4 Be4 46. f5 Bxd3 47. Nxd3 Rf7 48. f6 Kc7 49. Nf2 Rf3 50. Nxh3 R7xf6 51. Ng5 Rxh6 52. Nxf3 Kd6 1/2-1/2

[Event "Vladimir op-B"]
[Site "Vladimir"]
[Date "2009.08.19"]
[Round "1"]
[White "Egorov, Roman"]
[Black "Belousov, Danila"]
[Result "0-1"]
[WhiteElo "1885"]
[BlackElo "2354"]
[PlyCount "158"]
[EventDate "2009.08.19"]
[EventType "swiss"]
[EventRounds "9"]
[EventCountry "RUS"]
[SourceTitle "EXT 2012"]
[Source "ChessBase"]
[SourceDate "2011.11.24"]
[SourceVersion "1"]
[SourceVersionDate "2011.11.24"]
[SourceQuality "1"]

1. e4 c5 2. Nf3 d6 3. c3 Nf6 4. Bd3 g6 5. 0-0 Bg7 6. Bb5+ Bd7 7. Bxd7+ Nbxd7 8. Re1 0-0 9. d4 cxd4 10. cxd4 d5 11. e5 Ne4 12. Nc3 Nxc3 13. bxc3 Qa5 14. Qb3 Nb6 15. Bd2 e6 16. c4 Qa6 17. c5 Nc4 18. Reb1 b6 19. cxb6 axb6 20. Bb4 Rfc8 21. Nd2 Qa4 22. Nxc4 Rxc4 23. Qxa4 Rxa4 24. Bd6 Ra6 25. Rc1 Rxa2 26. Kf1 h5 27. Rxa2 Rxc1+ 28. Ke2 g5 29. Rb2 Rc6 30. Be7 g4 31. Bd8 Rc1 32. h3 b5 33. hxg4 hxg4 34. Rxb5 Rc2+ 35. Kf1 Rc4 36. Bb6 Kh7 37. Rb2 Kg6 38. Ke2 Kf5 39. Ba7 Ra4 40. Bc5 Bh6 41. f3 g3 42. Kd3 Ra1 43. Bb4 Bf4 44. Bc3 Rd1+ 45. Ke2 Rc1 46. Kd3 Bg5 47. Rc2 Rh1 48. Rb2 Rh8 49. Bd2 Bxd2 50. Kxd2 Ra8 51. Ke3 Ra3+ 52. Ke2 f6 53. exf6 Kxf6 54. Rd2 e5 55. dxe5+ Kxe5 56. Rd3 Ra4 57. f4+ Ke4 58. Rxg3 Ra2+ 59. Kf1 Kxf4 60. Rf3+ Ke4 61. Rf2 Ra1+ 62. Ke2 d4 63. Rf8 Ra2+ 64. Kf1 Kd3 65. g4 Ke3 66. g5 Ra1+ 67. Kg2 Ra5 68. Rg8 d3 69. g6 Rg5+ 70. Kh3 d2 71. Re8+ Kf3 72. Rf8+ Ke4 73. Rd8 Ke3 74. Re8+ Kf3 75. Rf8+ Ke4 76. Rd8 Rh5+ 77. Kg4 Rd5 78. Re8+ Kd4 79. Kf4 d1Q 0-1

[Event "RUS Central Region-ch"]
[Site "Tula "]
[Date "2007.03.24"]
[Round "8"]
[White "Panchenko, Dmitry"]
[Black "Belousov, Danila"]
[Result "1/2-1/2"]
[WhiteElo "2417"]
[BlackElo "2297"]
[PlyCount "93"]
[EventDate "2007.03.17"]
[EventType "swiss"]
[EventRounds "9"]
[EventCountry "RUS"]
[SourceTitle "EXT 2008"]
[Source "ChessBase"]
[SourceDate "2007.11.25"]
[SourceVersion "1"]
[SourceVersionDate "2007.11.25"]
[SourceQuality "1"]

1. e4 c5 2. Nf3 d6 3. d4 cxd4 4. Nxd4 Nf6 5. Nc3 a6 6. Be3 e5 7. Nf3 Be7 8. Bc4 0-0 9. 0-0 h6 10. Qe2 Nc6 11. Rfd1 Be6 12. Nd5 Bxd5 13. Bxd5 Nxd5 14. Rxd5 Qc8 15. c3 Qe6 16. Rad1 Kh7 17. Bb6 f5 18. Bc7 fxe4 19. Qxe4+ Kh8 20. Bxd6 Rf4 21. Qe3 Rd8 22. Bxe5 Rxd5 23. Rxd5 Qxd5 24. Bxf4 Qxa2 25. Qc1 Kg8 26. h3 Bf6 27. Qd2 Qc4 28. Be3 Qe6 29. Qc2 b5 30. Nd2 Kf7 31. Kf1 a5 32. Qb3 Qxb3 33. Nxb3 Ke6 34. Ke2 Kd5 35. Kd3 a4 36. Nd2 b4 37. Nc4 bxc3 38. bxc3 Ne5+ 39. Nxe5 Bxe5 40. Bc1 Bd6 41. c4+ Kc6 42. f4 Kc5 43. f5 Kb4 44. Kd4 a3 45. Bxa3+ Kxa3 46. Kd5 Bg3 47. f6 1/2-1/2

[Event "RUS Central Region-ch"]
[Site "Tula "]
[Date "2007.03.19"]
[Round "3"]
[White "Sjugirov, Sanan"]
[Black "Belousov, Danila"]
[Result "1/2-1/2"]
[WhiteElo "2396"]
[BlackElo "2297"]
[PlyCount "144"]
[EventDate "2007.03.17"]
[EventType "swiss"]
[EventRounds "9"]
[EventCountry "RUS"]
[SourceTitle "EXT 2008"]
[Source "ChessBase"]
[SourceDate "2007.11.25"]
[SourceVersion "1"]
[SourceVersionDate "2007.11.25"]
[SourceQuality "1"]

1. e4 c5 2. Nf3 e6 3. d4 cxd4 4. Nxd4 a6 5. Bd3 Bc5 6. Nb3 Be7 7. Qg4 g6 8. Qe2 d6 9. 0-0 Nd7 10. Na3 Ngf6 11. Bh6 b5 12. f4 Bb7 13. Kh1 d5 14. e5 Ne4 15. Bxe4 dxe4 16. Nb1 Qb6 17. Nc3 e3 18. Nd1 0-0-0 19. Nxe3 Nc5 20. c3 Be4 21. Rfd1 Rxd1+ 22. Rxd1 Nxb3 23. axb3 Rd8 24. Rxd8+ Qxd8 25. b4 Kb7 26. h3 Bc6 27. Kh2 Kc7 28. Qd1 Kc8 29. Qe2 Kc7 30. Ng4 Kb7 31. Qf2 f5 32. exf6 Bxf6 33. Qe2 Qe7 34. Qe3 Qf7 35. Qc5 Bd5 36. Qf8 Qxf8 37. Bxf8 Bd8 38. Bg7 h5 39. Ne5 Be4 40. Nf7 Be7 41. Bf6 Bf8 42. Nd8+ Kc8 43. Nxe6 Bd6 44. Be5 Be7 45. g4 Kd7 46. Nd4 Bd8 47. Nb3 Be7 48. Kg3 Ke6 49. Nd2 Bd3 50. Bb8 Kd5 51. Kf2 Bc2 52. Ke2 Bd8 53. Ba7 Bc7 54. Be3 a5 55. bxa5 Bxa5 56. Nf3 b4 57. Nd4 Be4 58. cxb4 Bxb4 59. Nf3 Bd6 60. Kf2 Be7 61. Bd2 Bd6 62. Kg3 hxg4 63. hxg4 Kc4 64. Bc3 Kd5 65. Be5 Bb4 66. Bc3 Bd6 67. Ne5 g5 68. b4 gxf4+ 69. Kxf4 Bh7 70. g5 Bc2 71. b5 Bxe5+ 72. Bxe5 Kc5 1/2-1/2